000 00300nam a22001337a 4500
008 170531b xxu||||| |||| 00| 0 eng d
020 _a0691094241
041 _aeng
080 _a93
100 _a17
101 _aSHH
245 _aMEN WHO MIGRATE, WOMEN WHO WAIT
_cBRETTELL, C.B
942 _2udc
_cBK
999 _c15104
_d15104